Historia de Guatemala (Registro nro. 2397)

Detalles MARC
000 -LEADER
campo de control de longitud fija 02908nam a22004097a 4500
001 - NÚMERO DE CONTROL
campo de control 2397
003 - IDENTIFICADOR DE NÚMERO DE CONTROL
campo de control gttocutb
005 - FECHA Y HORA DE LA ÚLTIMA TRANSACCIÓN
campo de control 20251022185231.0
007 - CAMPO FIJO DE DESCRIPCIÓN FÍSICA--INFORMACIÓN GENERAL
campo de control de longitud fija ta
008 - DATOS DE LONGITUD FIJA--INFORMACIÓN GENERAL
campo de control de longitud fija 251022e2001 gt abd|| |||| 001 0 spa d
020 11 - NÚMERO INTERNACIONAL ESTÁNDAR DEL LIBRO
Condiciones de disponibilidad Disponible
040 11 - FUENTE DE CATALOGACIÓN
Centro catalogador/agencia de origen gttocutb
Lengua de catalogación spa
Centro/agencia transcriptor gttocutb
Normas de descripción rda
082 04 - NÚMERO DE LA CLASIFICACIÓN DECIMAL DEWEY
Número de clasificación 972.81 P978
Número de ítem 19
100 11 - ENTRADA PRINCIPAL--NOMBRE DE PERSONA
Nombre de persona Polo Sifontes, Francis.
Término indicativo de función/relación autor
245 11 - MENCIÓN DEL TÍTULO
Título Historia de Guatemala
Mención de responsabilidad, etc. Fracis Polo Sifontes (autor)
250 ## - MENCION DE EDICION
Mención de edición 4a.
264 1# - PRODUCCIÓN, PUBLICACIÓN, DISTRIBUCIÓN, FABRICACIÓN Y COPYRIGHT
Producción, publicación, distribución, fabricación y copyright Guatemala:
Nombre del de productor, editor, distribuidor, fabricante Tipografia Nacional,
Fecha de producción, publicación, distribución, fabricación o copyright 2001.
300 11 - DESCRIPCIÓN FÍSICA
Extensión 370 páginas :
Dimensiones 21 cm.
Otras características físicas Ilustraciones, fotografías y gráficas en blanco y negro
336 11 - TIPO DE CONTENIDO
Fuente rdacontenido
Término de tipo de contenido texto
Código de tipo de contenido txt
337 11 - TIPO DE MEDIO
Fuente rdamedio
Nombre/término del tipo de medio sin mediación
Código del tipo de medio n
338 1# - TIPO DE SOPORTE
Fuente rdasoporte
Nombre/término del tipo de soporte volumen
Código del tipo de soporte nc
505 00 - NOTA DE CONTENIDO CON FORMATO
Información miscelánea Indice:
505 00 - NOTA DE CONTENIDO CON FORMATO
Información miscelánea 1. Culturas indígenas 15,000 AC -1524 --
505 0# - NOTA DE CONTENIDO CON FORMATO
Información miscelánea 2. El periodo hispánico 1524-1821 --
505 00 - NOTA DE CONTENIDO CON FORMATO
Información miscelánea 3. La sociedad indígena durante la colonia --
505 00 - NOTA DE CONTENIDO CON FORMATO
Información miscelánea 4. Vida independiente 1821-1950 --
505 0# - NOTA DE CONTENIDO CON FORMATO
Información miscelánea 5. La independencia y la unión a México --
520 00 - RESUMEN, ETC.
Sumario, etc. Francis Polo es una de los historiadores más fecundos de Guatemala. Especializado en historia Antigua de América, se ha incursionado también en las otras épocas del devenir de su patria. Ha publicado una decena de libros sobre temas de su especialidad y también escribe con profusión en revistas y periódicos. Es miembro correspondiente de la Real Academia de la Historia de Madrid, así como de las academias de Puerto Rico, Venezuela, Honduras, México, Costa Rica, República Dominicana, etc.<br/>Actualmente Polo Sifontes se desempeña como profesor de la catedra de Historia de Guatemala en la Facultad de Humanidades de la universidad de San Carlos de Guatemala. En 1982 recibió el premio Dama de Plata, concedido a su programa radial “Raíces Verdes”, como el mejor programa del año por su contenido; así mismo dicta conferencias y participa en foros internacionales.<br/>Sus méritos profesionales y don de gentes, le han llevado a ocupar honorosos cargos en los últimos años: Director General de Cultura y Bellas Artes, Director General del instituto de Antropología e Historia, Presidente del Consejo Técnico de Educación, Presidente del Colegio Profesional de Humanidades y Viceministro de Educación – entre otros- demuestra su actividad y acuciosidad.<br/>En esta obra nos presenta el futuro de sus investigaciones de archivo, así como de la experiencia en la docencia universitaria, en una visión conjunto, completa pero condensada, sobre la apasionante historia de Guatemala.
521 00 - NOTA DE PÚBLICO DESTINATARIO
Nota de público destinatario Recomendado para público en general.
650 14 - PUNTO DE ACCESO ADICIONAL DE MATERIA--TÉRMINO DE MATERIA
Fuente del encabezamiento o término LEMB
Término de materia o nombre geográfico como elemento de entrada Historia de Guatemala.
650 14 - PUNTO DE ACCESO ADICIONAL DE MATERIA--TÉRMINO DE MATERIA
Fuente del encabezamiento o término LEMB
Término de materia o nombre geográfico como elemento de entrada Culturas indígenas 15,000 AC-1524 DC.
650 14 - PUNTO DE ACCESO ADICIONAL DE MATERIA--TÉRMINO DE MATERIA
Fuente del encabezamiento o término LEMB
Término de materia o nombre geográfico como elemento de entrada El periodo hispánico 1524-1821.
650 14 - PUNTO DE ACCESO ADICIONAL DE MATERIA--TÉRMINO DE MATERIA
Fuente del encabezamiento o término LEMB
Término de materia o nombre geográfico como elemento de entrada Vida independiente 1821-1950.
700 ## - ENTRADA AGREGADA--NOMBRE PERSONAL
Nombre de persona Francis Polo Sifontes
Término indicativo de función/relación autor
760 ## - ENLACE A UNA SERIE PRINCIPAL
Edición 4a.
942 1# - ELEMENTOS DE ENTRADA SECUNDARIOS (KOHA)
Fuente de la clasificación o esquema de estantería Clasificación Decimal Dewey
Tipo de ítem Koha Libros
Suprimir en OPAC No
Edición 4a.
Existencias
Estatus retirado Estado de pérdida Fuente de la clasificación o esquema de estantería Estado de daño No para préstamo Colección Biblioteca de origen Biblioteca actual Fecha de adquisición Fuente de adquisición Información codificada de la localización en otra ubicación Número de inventario Total de préstamos Signatura topográfica completa Visto por última vez Precio de reemplazo Tipo de ítem Koha
    Clasificación Decimal Dewey     general BIBLIOTECA CUNTOTO BIBLIOTECA CUNTOTO 04/06/2012 donación 19 sin   972.81 P978:4 22/10/2025 22/10/2025 Libros
    Clasificación Decimal Dewey     general BIBLIOTECA CUNTOTO BIBLIOTECA CUNTOTO 04/06/2012 donación 19 sin   972.81 P978:4 c1 22/10/2025 22/10/2025 Libros